The Irish Cinderlad / (Record no. 8229)

MARC details
000 -LEADER
fixed length control field 00993nam a22003017a 4500
001 - CONTROL NUMBER
control field 8229
003 - CONTROL NUMBER IDENTIFIER
control field FISKH
005 - DATE AND TIME OF LATEST TRANSACTION
control field 20250904101511.0
008 - FIXED-LENGTH DATA ELEMENTS--GENERAL INFORMATION
fixed length control field 250904b cb ||||| |||| 00| 0 eng d
020 ## - INTERNATIONAL STANDARD BOOK NUMBER
International Standard Book Number 9780545496582
040 ## - CATALOGING SOURCE
Original cataloging agency FISKH
Language of cataloging eng
Transcribing agency FISKH
Modifying agency FISKH
050 ## - LIBRARY OF CONGRESS CALL NUMBER
Classification number PZ8.C56 I
082 ## - DEWEY DECIMAL CLASSIFICATION NUMBER
Classification number 398.2
100 ## - MAIN ENTRY--PERSONAL NAME
Personal name Climo, Shirley
Dates associated with a name (1928–2012)
245 ## - TITLE STATEMENT
Title The Irish Cinderlad /
Statement of responsibility, etc. By Shirley Climo ; illustrated by Lorecca Krupinski
250 ## - EDITION STATEMENT
Edition statement This edition first published in 1996
260 ## - PUBLICATION, DISTRIBUTION, ETC.
Place of publication, distribution, etc. New York :
Name of publisher, distributor, etc. Scholastic,
Date of publication, distribution, etc. 1996
300 ## - PHYSICAL DESCRIPTION
Extent 24 unnumbered pages :
Other physical details color illustrations ;
Dimensions 26 cm
505 ## - FORMATTED CONTENTS NOTE
Formatted contents note R<br/>
520 ## - SUMMARY, ETC.
Summary, etc. Becan, a poor boy belittled by his stepmother and stepsisters, rescues a princess in distress after meeting a magical bull.<br/>
521 8# - TARGET AUDIENCE NOTE
Target audience note 730<br/>
Source Lexile<br/>
521 8# - TARGET AUDIENCE NOTE
Target audience note R<br/>
Source Raz-Plus<br/>
650 ## - SUBJECT ADDED ENTRY--TOPICAL TERM
Source of heading or term Cinderella
Topical term or geographic name entry element Fairy tale
650 ## - SUBJECT ADDED ENTRY--TOPICAL TERM
Source of heading or term Fantasy
Topical term or geographic name entry element Picture book
700 ## - ADDED ENTRY--PERSONAL NAME
Personal name Krupinski, Lorecca
Dates associated with a name illustrator
942 ## - ADDED ENTRY ELEMENTS (KOHA)
Source of classification or shelving scheme Dewey Decimal Classification
Koha item type Books
Suppress in OPAC No
Holdings
Withdrawn status Lost status Source of classification or shelving scheme Damaged status Not for loan Collection Home library Current library Shelving location Date acquired Total Checkouts Full call number Barcode Date last seen Copy number Price effective from Koha item type
    Dewey Decimal Classification     Juvenile Fiction Footprints International School Library Network Toul Tom Poung Campus Footprints International School Library Network Toul Tom Poung Campus TTP Primary Orange Bookshelves 09/04/2025   CLI 398.2 PZ8.C56 I FIS05086 09/04/2025 1 09/04/2025 Books
    Dewey Decimal Classification     Juvenile Fiction Footprints International School Library Network Toul Tom Poung Campus Footprints International School Library Network Toul Tom Poung Campus TTP Primary Orange Bookshelves 11/11/2025   CLI 398.2 PZ8.C56 I FIS04814 11/11/2025 2 11/11/2025 Books
    Dewey Decimal Classification     Juvenile Fiction Footprints International School Library Network Toul Tom Poung Campus Footprints International School Library Network Toul Tom Poung Campus TTP Primary Orange Bookshelves 03/24/2026   CLI 398.2 PZ8.C56 I FISBK06131 03/24/2026 3 03/24/2026 Books